Music Quiz

Random Music or Lyrics Quiz

'I still...' Lyrics by Backstreet Boys Quiz Stats

 Plays Quiz not verified by Sporcle

Score 0/201 Timer 10:00
0 Plays Today
% Correct
you
99.5%
you
99.5%
you
99.5%
you
99.5%
you?
99.5%
you
99.5%
you
99.5%
you,
99.5%
you.
99.5%
you
99.5%
you.
99.5%
you.
99.5%
you
99.5%
you,
99.5%
you.
99.5%
you
99.5%
you.
99.5%
you.
99.5%
No, no.
99.5%
you
99.5%
you
99.5%
you
99.5%
you
99.5%
you.
99.5%
you.
99.5%
I
99%
I
99%
I
99%
I
99%
I
99%
I
99%
I
99%
Yeah,
99%
I
99%
I
99%
I
99%
I
99%
I
99%
I
99%
yeah,
99%
I
99%
a
98.6%
still
97.1%
still
97.1%
still
97.1%
still
97.1%
still
97.1%
still
97.1%
still
97.1%
still
97.1%
still
97.1%
still
97.1%
still
97.1%
still
97.1%
And
92.8%
and
92.8%
and
92.8%
and
92.8%
and
92.8%
the
92.3%
do
91.4%
do
91.4%
Do
91.4%
No
91.4%
no
91.4%
no
91.4%
no...
91.4%
% Correct
no
91.4%
are
90.4%
Are
90.4%
now?
89.5%
about
89.5%
Now
89.5%
about
89.5%
Who
89%
I'm
89%
I'm
89%
I'm
89%
I'm
89%
I'm
89%
or
88.5%
when
88.5%
when
88.5%
same
88%
did
87.6%
change
87.6%
care
87.6%
care
87.6%
What
87.1%
of
87.1%
how
87.1%
how
87.1%
need
87.1%
of
87.1%
need
87.1%
we
86.6%
me,
86.6%
in
86.6%
me,
86.6%
like
86.1%
to
86.1%
to
86.1%
to
86.1%
like
86.1%
like
86.1%
like
86.1%
somehow?
85.6%
think
85.6%
can't
85.6%
can't
85.6%
can't
85.6%
that?
85.2%
it,
85.2%
it,
85.2%
go.
85.2%
that
85.2%
that
85.2%
it,
85.2%
it,
85.2%
that
85.2%
go.
85.2%
at
84.7%
look
84.7%
at
84.7%
feel
84.2%
feel
84.2%
feel
84.2%
moment
83.7%
back,
83.7%
word
83.7%
from
83.7%
back.
83.7%
moment
83.7%
word
83.7%
% Correct
from
83.7%
word
83.7%
from
83.7%
this
83.3%
looking
83.3%
very
82.8%
But
82.8%
But
82.8%
But
82.8%
But
82.8%
were
82.3%
just
82.3%
let
82.3%
beside
82.3%
beside
82.3%
just
82.3%
let
82.3%
beside
82.3%
said
81.8%
right
81.8%
said
81.8%
right
81.8%
said
81.8%
right
81.8%
remember
81.3%
deny
81.3%
deny
81.3%
know
81.3%
young
80.9%
done,
80.4%
don't
80.4%
done,
80.4%
done,
80.4%
matter
79.9%
stupid...
79.4%
been
78.9%
been
78.9%
been
78.9%
stuck
77.5%
on
77%
fight
76.6%
fight
76.6%
even
76.6%
tried
75.6%
see
75.1%
I've
73.7%
keep
73.2%
meant
72.7%
everything's
72.2%
everything's
72.2%
everything's
72.2%
wasn't
71.3%
refuse
70.8%
last.
70.8%
never
70.8%
instead
69.9%
moving
69.9%
coming
69.9%
could
67.9%
wish
66%
find
65.6%
would
65.1%
found
63.6%
Though
63.2%
Though
63.2%
Though
63.2%
then
55.5%

You're not logged in!

Compare scores with friends on all Sporcle quizzes.
OR
Log In

Sporcle TV

Today on Sporcle TV


Watch our educational content, quiz creation guides, and fun videos on Sporcle TV.

Show Comments

Extras

Top Quizzes Today


Score Distribution

Your Account Isn't Verified!

In order to create a playlist on Sporcle, you need to verify the email address you used during registration. Go to your Sporcle Settings to finish the process.

Report this User

Report this user for behavior that violates our Community Guidelines.

Details: